Categorías y autoconciencia en Kant : antecedentes y objetivos de la deducción trascendental de las categorías /

Uloženo v:
Podrobná bibliografie
Hlavní autor: Stepanenko Gutiérrez, Pedro (autor)
Médium: Kniha
Jazyk:španělština
Vydáno: México : UNAM, Instituto de Investigaciones Filosóficas, 2000, c2000
Tagy: Přidat tag
Žádné tagy, Buďte první, kdo vytvoří štítek k tomuto záznamu!

MARC

LEADER 00000nam^a2200000^a^4500
001 000572189
005 20250521000000.0
009 20260310132303.521
020 |a 968-36-8384-3 
037 |a Acervo Xavier Clavigero 
041 |a ESP 
091 |a FPA. 03656 
100 |a Stepanenko Gutiérrez, Pedro  |e (autor) 
245 1 0 |a Categorías y autoconciencia en Kant :  |b antecedentes y objetivos de la deducción trascendental de las categorías / 
264 4 |a México :  |b UNAM, Instituto de Investigaciones Filosóficas,  |c 2000, c2000 
300 |a 214 p. 
336 |a texto  |b txt  |2 rdacontenido 
337 |a sin mediación  |b n  |2 rdamedio 
338 |a volumen  |b nc  |2 rdasoporte 
649 |a XX 
910 |a Fondo José Ignacio Palencia Gómez S.J. 
920 |a Impresos - Libros 
930 |a Fondos Especiales 
905 |a 137 
901 |a 0500356198  |b IT2  |c ESL  |i D  |u 20250521 
902 |a https://opac.biblio.iteso.mx/vufind/Record/000572189